| 000 | 00537nam a22001697a 4500 | ||
|---|---|---|---|
| 008 | 231012b |||||||| |||| 00| 0 eng d | ||
| 020 | _a9783039217724 | ||
| 050 | _aG 156.5S87 .E87 2019 | ||
| 100 | _a Espino-RodrÃguez, T | ||
| 245 |
_aSustainable directions in tourism / _c RodrÃguez Espino , T |
||
| 250 | _a1st ed. | ||
| 260 |
_aSpain: _bMDPI, _c2019. |
||
| 300 |
_a292p. : _bill. ; _c23cm |
||
| 521 | _aincludes bibliographical references | ||
| 650 | _aTourism | ||
| 942 |
_2lcc _cBOOKS _hG 156.5S87 .E87 2019 |
||
| 999 |
_c31865 _d31865 |
||